Bezpečná komunikácia v prostredí IoT

Enregistré dans:
Détails bibliographiques
Auteur principal: Minár, Michal (Auteur)
Autres auteurs: Hudec, Ladislav (Directeur de thèse)
Format: Manuscrit Livre
Langue:slovaque
Publié: 2022
Sujets:
Accès en ligne:http://is.stuba.sk/zp/portal_zp.pl?podrobnosti=155080
Tags: Ajouter un tag
Pas de tags, Soyez le premier à ajouter un tag!

MARC

LEADER 00000ntm a22000003a 4500
001 stuzp88054
003 SK-STU
005 20220625210910.7
007 ta
008 150427s2015----xo-----f-mn---000-0-slo-d
040 |a STU  |b slo 
041 0 |a slo 
100 1 |a Minár, Michal  |u 070400  |4 aut  |U FIIT Fakulta informatiky a informačných technológií  |T FIIT Ústav počítačového inžinierstva a aplikovanej informatiky  |X 103054  |U I400  |Y 672  |7 103054 
242 0 1 |a Secure communication in an IoT environment  |y eng 
245 1 0 |a Bezpečná komunikácia v prostredí IoT 
260 |c 2022 
650 4 |a Internet vecí  |2 slo 
650 4 |a Šifrovanie komunikácie  |2 slo 
650 4 |a Návrh protokolu  |2 slo 
650 4 |a Protokol pre oblasť IoT  |2 slo 
650 4 |a Internet of things  |2 eng 
650 4 |a Encrypting communication  |2 eng 
650 4 |a Protocol design  |2 eng 
650 4 |a Application protocol for IoT  |2 eng 
700 1 |a Hudec, Ladislav  |u 070400  |k Z1  |4 ths  |U FIIT Fakulta informatiky a informačných technológií  |T FIIT Ústav počítačového inžinierstva a aplikovanej informatiky  |X 2081  |U I400  |Y 672  |7 2081 
856 4 |u http://is.stuba.sk/zp/portal_zp.pl?podrobnosti=155080